| 000 | 00703 a2200253 4500 | ||
|---|---|---|---|
| 260 | _aParis | ||
| 630 | _a65 - Gestion et organisation de lindustrie, du commerce, de la communication et des transports | ||
| 650 | _a6 - SCIENCES APPLIQUEES | ||
| 100 | _aGarnier, Pierre | ||
| 700 | _aGarnier, Henry | ||
| 260 | _bDunod | ||
| 300 | _a349 p. | ||
| 245 | _aLa Comptabilité des sociétés : plan comptable général 1957, et plan comptable revisé 1979 | ||
| 650 | _aComptabilité | ||
| 650 | _aTechniques comptables | ||
| 260 | _c1981 | ||
| 300 | _b24 cm | ||
| 100 | _lFr | ||
| 440 | _aDunod entreprise | ||
| 037 | _aDE60193 | ||
| 020 | _a2-04-010006--7 | ||
| 999 |
_c33641 _d33641 |
||